| 000 | 01005cam a22003017a 4500 | ||
|---|---|---|---|
| 003 | CHAP | ||
| 005 | 20220329140440.0 | ||
| 008 | 971013s1963 mx r 00010 spa d | ||
| 010 | _a52120 | ||
| 011 | _a53092 | ||
| 035 | _a57242 | ||
| 040 | _cCHAP | ||
| 082 |
_a333.0972 _bR6 |
||
| 100 | 0 | 0 |
_aRomero Espinosa, Emilio. _999564 |
| 245 | 1 | 3 | _aLa reforma agraria en México a medio siglo de iniciada |
| 260 |
_aMéxico, D. F. : _bCuadernos Americanos, _c1963 |
||
| 300 | _a161 p. | ||
| 590 |
_aBATCH-UPD _b10 _c20130110 _lUCH01 _h0953 |
||
| 590 |
_aBATCH-UPD _b10 _c20130410 _lUCH01 _h0606 |
||
| 590 |
_aBATCH-UPD _b10 _c20130914 _lUCH01 _h1958 |
||
| 590 |
_aCONVERSION _b10 _c20130109 _lUCH01 _h1328 |
||
| 650 | 1 | 4 |
_aReforma agraria _zMéxico. _995596 |
| 650 | 1 | 4 |
_aTierras _xTenencia _zMéxico. _9113215 |
| 901 | _aBK | ||
| 942 | _cLIBRO | ||
| 949 |
_a333.0972 R6 _bBC _cLIBRO _d33724000340063 _eLIBRO _h33551 _i57242 _si |
||
| 949 |
_a333.0972 R6 _bBC _cLIBRO _d33724002253603 _eLIBRO _fc.2 _gDonaciØn _h115044 _i57242 _sb |
||
| 999 |
_c52120 _d52120 |
||